<?xml version="1.0" encoding="UTF-8"?>
<record
    xmlns:xsi="http://www.w3.org/2001/XMLSchema-instance"
    xsi:schemaLocation="http://www.loc.gov/MARC21/slim http://www.loc.gov/standards/marcxml/schema/MARC21slim.xsd"
    xmlns="http://www.loc.gov/MARC21/slim">

  <leader>00771nam a2200217Ia 4500</leader>
  <controlfield tag="001">7316</controlfield>
  <controlfield tag="003">GE_BSU</controlfield>
  <controlfield tag="008">181216s||||||||xx |||||||||||||| ||und||</controlfield>
  <datafield tag="040" ind1=" " ind2=" ">
    <subfield code="c">GE_BSU</subfield>
  </datafield>
  <datafield tag="080" ind1=" " ind2=" ">
    <subfield code="a">94(479.22)+929.52(479.22)</subfield>
  </datafield>
  <datafield tag="100" ind1=" " ind2=" ">
    <subfield code="a">&#x10E1;&#x10E3;&#x10E0;&#x10DB;&#x10D0;&#x10DC;&#x10D8;&#x10EB;&#x10D4;, &#x10E0;&#x10D0;&#x10DB;&#x10D0;&#x10D6;</subfield>
  </datafield>
  <datafield tag="245" ind1=" " ind2=" ">
    <subfield code="a">&#x10D0;&#x10D5;&#x10D0;&#x10DA;&#x10D8;&#x10E1; &#x10E8;&#x10D7;&#x10D0;&#x10DB;&#x10DD;&#x10DB;&#x10D0;&#x10D5;&#x10D0;&#x10DA;&#x10DC;&#x10D8;.</subfield>
  </datafield>
  <datafield tag="245" ind1=" " ind2=" ">
    <subfield code="b">&#x10D0;&#x10D5;&#x10D0;&#x10DA;&#x10D8;&#x10D0;&#x10DC;&#x2013;&#x10D0;&#x10D5;&#x10D0;&#x10DA;&#x10D8;&#x10E8;&#x10D5;&#x10D8;&#x10DA;&#x10D7;&#x10D0; &#x10D2;&#x10D5;&#x10D0;&#x10E0;&#x10D8;&#x10E1; &#x10D8;&#x10E1;&#x10E2;&#x10DD;&#x10E0;&#x10D8;&#x10D0;.</subfield>
  </datafield>
  <datafield tag="245" ind1=" " ind2=" ">
    <subfield code="c">&#x10E0;&#x10D4;&#x10D3;.: &#x10D7;&#x10D4;&#x10DB;&#x10E3;&#x10E0; &#x10D0;&#x10D5;&#x10D0;&#x10DA;&#x10D8;&#x10D0;&#x10DC;&#x10D8;.</subfield>
  </datafield>
  <datafield tag="260" ind1=" " ind2=" ">
    <subfield code="a">&#x10D7;&#x10D1;&#x10D8;&#x10DA;&#x10D8;&#x10E1;&#x10D8;.</subfield>
  </datafield>
  <datafield tag="260" ind1=" " ind2=" ">
    <subfield code="b">&#x10E8;&#x10DE;&#x10E1; &#x10D9;&#x10D5;&#x10D0;&#x10E0;&#x10D8;.</subfield>
  </datafield>
  <datafield tag="260" ind1=" " ind2=" ">
    <subfield code="c">2011.</subfield>
  </datafield>
  <datafield tag="300" ind1=" " ind2=" ">
    <subfield code="a">404 &#x10D2;&#x10D5;. &#x10D8;&#x10DA;.21 &#x10E1;&#x10DB;.</subfield>
  </datafield>
  <datafield tag="653" ind1=" " ind2=" ">
    <subfield code="a">&#x10D0;&#x10D5;&#x10D0;&#x10DA;&#x10D8;&#x10E1; &#x10E8;&#x10D7;&#x10D0;&#x10DB;&#x10DD;&#x10DB;&#x10D0;&#x10D5;&#x10D0;&#x10DA;&#x10DC;&#x10D8;.</subfield>
  </datafield>
  <datafield tag="942" ind1=" " ind2=" ">
    <subfield code="c">BK</subfield>
  </datafield>
  <datafield tag="999" ind1=" " ind2=" ">
    <subfield code="c">40681</subfield>
    <subfield code="d">40681</subfield>
  </datafield>
  <datafield tag="952" ind1=" " ind2=" ">
    <subfield code="0">0</subfield>
    <subfield code="1">0</subfield>
    <subfield code="4">0</subfield>
    <subfield code="7">0</subfield>
    <subfield code="9">45912</subfield>
    <subfield code="d">2018-12-17</subfield>
    <subfield code="p">18679</subfield>
    <subfield code="r">2018-12-17</subfield>
    <subfield code="w">2018-12-17</subfield>
    <subfield code="y">BK</subfield>
  </datafield>
</record>
